00911nam a2200241 i 450000100060000000300090000600500170001500700030003200800410003510000400007624500520011626000360016830000220020450500900022660000750031660000220039160000270041365000320044074000360047285200220050899900170053095201220054744628ES-MaACL20250930063050.0t|030321s1965 sp |||| |cspa d1 aClarasó, Noel, d1899-198593900310a6 vidas al margen de la ley / cNoel Clarasó. aBarcelona : bM.Y.N.E., c1965. a189 p. ; c19 cm.8 aContiene: Ana Bolena. Mata Hari. Luis Candelas. Kazuko. Earl Ward. Salvatore Giuliano04aAna Bolena cReina consorte de Enrique VIII, Rey de Inglaterra.92135804aMata Hari.97889214aCandelas, Luis.934459 4aCrimen y criminales.91141702aSeis vidas al margen de la ley. aES-MaACLjC-28175 c44628d44628 00104070aATENEOMbATENEOMcDEPO2d2008-01-17eSCl0oC-28175p1046970r2023-02-23 00:00:00w2023-02-23yMONOGRAFIA